[Event "NCA-chT 1st Stage"]
[Site "Managua"]
[Date "2020.10.10"]
[Round "6.15"]
[White "Soza Moreno, Francisco Javier"]
[Black "Charles, Allen"]
[Result "1-0"]
[WhiteElo "1779"]
[BlackElo "1439"]
[PlyCount "78"]
[EventDate "2020.10.03"]
[EventType "team-swiss"]
[EventRounds "9"]
[EventCountry "NCA"]
[SourceTitle "EXT 2022"]
[Source "ChessBase"]
[SourceDate "2021.10.06"]
[SourceVersion "1"]
[SourceVersionDate "2021.10.06"]
[SourceQuality "1"]

1. c4 e6 2. d4 d5 3. cxd5 exd5 4. Nc3 Nf6 5. Bg5 Be7 6. Nf3 0-0 7. e3 Bf5 8. Be2 c6 9. 0-0 Nbd7 10. h3 Rc8 11. a3 a6 12. b4 b5 13. Qb3 Nb6 14. Nd2 Nc4 15. Nxc4 dxc4 16. Qd1 Ne4 17. Nxe4 Bxg5 18. Nc5 Ra8 19. Bg4 Qc8 20. f4 Be7 21. Qf3 Bxg4 22. hxg4 Bxc5 23. dxc5 Qe6 24. Rad1 Rfe8 25. Rfe1 Rac8 26. e4 Red8 27. e5 Rd5 28. f5 Rxd1 29. Qxd1 Qe7 30. e6 f6 31. Qd7 Rc7 32. Qxe7 Rxe7 33. Rd1 g6 34. Rd7 Kf8 35. Rd6 gxf5 36. gxf5 h5 37. Kf2 Rc7 38. Rd8+ Ke7 39. Rh8 h4 1-0